Statistics for టాలీవుడ్ సినిమాని గుర్తించండి

Click here to take the quiz!

General Stats

  • This quiz has been taken 7 times
  • The average score is 8 of 20

Answer Stats

Answer% Correct
మనం
100%
పుష్ప
80%
ఈగ
80%
రౌద్రం రణం రుధిరం
60%
బాహుబలి
60%
F2 – ఫన్ అండ్ ఫ్రస్టేషన్
60%
మాయాబజార్
40%
బిమ్బిసార
40%
జెర్సీ
40%
సీతా రామం
40%
పిల్లజమీందార్
40%
శ్రీమంతుడు
40%
పోకిరి
40%
కార్తికేయ 2
40%
సై
20%
రావణాసుర
20%
శ్యామ్‌ సింగ రాయ్
0%
సైరా నరసింహారెడ్డి
0%
వీర భోగ వసంత రాయలు
0%
నువ్వొస్తానంటే నేనొద్దంటానా
0%

Score Distribution

Percentile by Number Answered

Percent of People with Each Score

Your Score History

You have not taken this quiz